UBT Library

C++ tutorial for MS-DOS and Windows operating systems : (Record no. 42552)

000 -LEADER
fixed length control field 00838cam a2200265 a 4500
001 - CONTROL NUMBER
control field 1661761
005 - DATE AND TIME OF LATEST TRANSACTION
control field 20180215031958.0
008 - FIXED-LENGTH DATA ELEMENTS--GENERAL INFORMATION
fixed length control field 970618s1991 waua 001 0 eng d
010 ## - LIBRARY OF CONGRESS CONTROL NUMBER
LC control number 97163224
035 ## - SYSTEM CONTROL NUMBER
System control number (OCoLC)28031773
035 ## - SYSTEM CONTROL NUMBER
System control number NNRB (EA0730(00)) CF
040 ## - CATALOGING SOURCE
Original cataloging agency NjPRFB
Transcribing agency NjPRFB
Modifying agency DLC
041 ## - LANGUAGE CODE
Language code of text/sound track or separate title eng
042 ## - AUTHENTICATION CODE
Authentication code lccopycat
080 ## - UNIVERSAL DECIMAL CLASSIFICATION NUMBER
Universal Decimal Classification number 005.133 DOS
082 00 - DEWEY DECIMAL CLASSIFICATION NUMBER
Classification number 005.133 DOS
Edition number 21
100 ## - Rafti
Rafti 28
101 ## - Shkurtesa
Shkurtesa SHK
245 00 - TITLE STATEMENT
Title C++ tutorial for MS-DOS and Windows operating systems :
246 10 - VARYING FORM OF TITLE
Title proper/short title Microsoft C/C++
740 0# - ADDED ENTRY--UNCONTROLLED RELATED/ANALYTICAL TITLE
Uncontrolled related/analytical title C++ tutorial for MS - DOS and Windows operating systems.
906 ## - LOCAL DATA ELEMENT F, LDF (RLIN)
a 7
b cbc
c copycat
d 3
e ncip
f 19
g y-gencatlg
942 ## - ADDED ENTRY ELEMENTS (KOHA)
Source of classification or shelving scheme
Item type Books
Holdings
Withdrawn status Lost status Source of classification or shelving scheme Damaged status Not for loan Collection code Permanent location Current location Shelving location Date acquired Total Checkouts Full call number Barcode Date last seen Price effective from Koha item type
          Koleksioni i përgjithshem UBT - Lipjan UBT - Lipjan Koleksioni i përgjithshem 02/15/2018   005.133 DOS 002-2998537 02/15/2018 02/15/2018 Books
UBT Library © 2015-2024. All rights reserved University Education for Business and Technology